| 000 | 00877cab a2200277 4500 | ||
|---|---|---|---|
| 001 | ABS67508 | ||
| 008 | 040227n2004 000 0 eng u | ||
| 035 | _a(Sirsi) u125247 | ||
| 245 | _aRegional survey: Yorkshire, north and north-east Lincolnshire | ||
| 260 | _c2004 | ||
| 490 |
_aProperty Week _v69(8) 20 February 2004, 71-96(10) |
||
| 590 | _aABS | ||
| 650 | _aYORKSHIRE | ||
| 650 | _aSOUTH YORKSHIRE | ||
| 650 | _aNORTHEAST LINCOLNSHIRE | ||
| 650 | _aNORTHERN ENGLAND | ||
| 650 | _aLEEDS | ||
| 650 | _aBRADFORD | ||
| 650 | _aBRIDGEWATER PLACE | ||
| 650 | _aPROPERTY-COMMERCIAL PROPERTY-OFFICE PROPERTY-OFFICE PROPERTY MARKET | ||
| 650 | _aPROPERTY-COMMERCIAL PROPERTY-RETAIL PROPERTY-RETAIL PROPERTY MARKET | ||
| 650 | _aINDUSTRIAL MARKET | ||
| 650 | _aREGENERATION | ||
| 690 | _aPROPERTY-COMMERCIAL PROPERTY-COMMERCIAL PROPERTY MARKET | ||
| 942 | _n0 | ||
| 999 |
_c74178 _d74178 |
||